More Puzzles (Record no. 4596)
[ view plain ]
| 000 -LEADER | |
|---|---|
| fixed length control field | 00314nam a2200133Ia 4500 |
| 008 - FIXED-LENGTH DATA ELEMENTS--GENERAL INFORMATION | |
| fixed length control field | 191201s2005 xx 000 0 und d |
| 100 ## - MAIN ENTRY--PERSONAL NAME | |
| Personal name | DEVI, Shakuntala |
| 245 #0 - TITLE STATEMENT | |
| Title | More Puzzles |
| 250 ## - EDITION STATEMENT | |
| Edition statement | 38th pr. |
| 260 ## - PUBLICATION, DISTRIBUTION, ETC. (IMPRINT) | |
| Place of publication, distribution, etc | N. Delhi |
| Name of publisher, distributor, etc | Orient Paperbacks |
| Date of publication, distribution, etc | 2005 |
| 300 ## - PHYSICAL DESCRIPTION | |
| Extent | 143 |
| 650 ## - SUBJECT ADDED ENTRY--TOPICAL TERM | |
| Topical term or geographic name as entry element | B.Tech(IT) |
| 942 ## - ADDED ENTRY ELEMENTS (KOHA) | |
| Source of classification or shelving scheme | Dewey Decimal Classification |
| Koha item type | Text Books |
| Withdrawn status | Lost status | Source of classification or shelving scheme | Damaged status | Not for loan | Collection code | Home library | Current library | Date acquired | Source of acquisition | Cost, normal purchase price | Bill Number | Total Checkouts | Full call number | Acc. no. / Barcode | Date last seen | Date last borrowed | Bill Date | Koha item type | Public note |
|---|---|---|---|---|---|---|---|---|---|---|---|---|---|---|---|---|---|---|---|
| Dewey Decimal Classification | GENERAL | PIET C-LIBRARY | PIET C-LIBRARY | 15/07/2010 | The book company | 65.00 | 2037 | 4 | 793.73 DEM | 16033 | 16/09/2024 | 05/09/2024 | 13/07/2010 | Text Books | Language | ||||
| Dewey Decimal Classification | GENERAL | PIET C-LIBRARY | PIET C-LIBRARY | 15/07/2010 | The book company | 65.00 | 2037 | 793.73 DEM | 16034 | 04/12/2019 | 13/07/2010 | Text Books | Language | ||||||
| Dewey Decimal Classification | GENERAL | PIET C-LIBRARY | PIET C-LIBRARY | 15/07/2010 | The book company | 65.00 | 2037 | 793.73 DEM | 16035 | 04/12/2019 | 13/07/2010 | Text Books | |||||||
| Dewey Decimal Classification | GENERAL | PIET C-LIBRARY | PIET C-LIBRARY | 15/07/2010 | The book company | 65.00 | 2037 | 793.73 DEM | 16036 | 04/12/2019 | 13/07/2010 | Text Books | Language | ||||||
| Dewey Decimal Classification | GENERAL | PIET C-LIBRARY | PIET C-LIBRARY | 15/07/2010 | The book company | 65.00 | 2037 | 793.73 DEM | 16037 | 04/12/2019 | 13/07/2010 | Text Books | Language |